| 000 | 00866nam a2200277Ia 4500 | ||
|---|---|---|---|
| 005 | 20150717100553.0 | ||
| 008 | 130821s1984 xxua gr eng | ||
| 020 | _a24211605 | ||
| 040 |
_aCO-BoUCM _bspa _c[Nuevo] _d[Nuevo] |
||
| 041 | 0 | 0 | _aeng |
| 100 | 1 |
_aToulmin, Stephen Edelston _d1922- _970060 |
|
| 245 | 1 | 3 |
_aAn introduction to reasoning _cStephen Toulmin |
| 250 | _a2nd ed | ||
| 260 |
_aNueva York (Estados Unidos) _bMacmillan Publishers _c1984 |
||
| 300 |
_aix, 435 páginas _bgráficas |
||
| 500 | _aIncluye indice | ||
| 650 | 0 | 7 |
_aFilosofía moderna _915835 |
| 650 | 0 | 7 |
_aLógica _918789 |
| 650 | 0 | 7 |
_aRazonamiento _923103 |
| 650 | 0 | 7 |
_aTeoría critica _925258 |
| 690 |
_942868 _aLógica |
||
| 700 | 1 |
_aJanik, Allan _970061 |
|
| 700 | 1 |
_aRieke, Richard D. _970062 |
|
| 942 |
_cLIBRO _a2 _e2 _mT724i _2DEWEY _h160 |
||
| 999 |
_c59181 _d59181 |
||